000 00514cam a22001932 4500
001 0000002737
005 20151217155204.0
008 070419s xx 000 0 eng d
020 _a9966457485 :
040 _aKABU
_cKABU
050 0 _aPR9199.3
_b.B38W58
100 1 _aBaumann, Barbara.
_@0000152239
245 1 0 _aWithout a conscience.
260 _aNairobi :
_bEAEP,
_c1992.
300 _a174 p.
852 1 _9p330 KES
908 _a070419
950 _@1
999 _c11874
_d11874